| 000 | 00785nas a2200265 4500 | ||
|---|---|---|---|
| 001 | BR0900219 | ||
| 003 | BR-BrBNA | ||
| 005 | 20231205113028.0 | ||
| 007 | ta | ||
| 008 | 230509b bl.|||p| |||| 00| 00por d | ||
| 040 |
_aBR-BrBNA _bpor _cBiblioteca Nacional de Agricultura |
||
| 041 | _a(Pt) | ||
| 072 | _aH20 | ||
| 100 | 1 | _aPeixoto, A.R. | |
| 100 | 1 | _aMariano, R. de L.R. | |
| 100 | 1 | _aViana, I.O. | |
| 245 | 1 | _aMeio semi-seletivo para isolamento de Xanthomonas campestris pv. viticola | |
| 650 | _aDOENÇA DE PLANTA | ||
| 650 | _aUVA | ||
| 650 | _aANTIBIÓTICO | ||
| 650 | _aCANCRO BACTERIANO | ||
| 773 | 0 |
_tCiência Rural (Brazil) _xISSN 0103-8478 _g(Jul-Aug 2006), v. 36(4) p. 1317-1320 _wBR0900219 |
|
| 909 |
_a202311 _bLúcia _c55 _dLúcia Elande |
||
| 942 |
_2AGRIS _n0 _cANA |
||
| 999 |
_c201430 _d201430 |
||